000
00287nam a22001337a 4500
082
_a
894.812.1
_b
SUK/D
100
_a
SUKUMARAN, PUTHENVELIKKARA
245
_a
ORU VALMEEKI KOODY
260
_a
ALUVA
_b
PEN BOOKS
_c
2004
300
_a
88
520
_a
POETRY
650
_a
POETRY
942
_c
BK
999
_c
4231
_d
4231